| 000 | 00409nam a2200145 a 4500 | ||
|---|---|---|---|
| 001 | 000036253 | ||
| 005 | 20200930075631.0 | ||
| 008 | 120111s1972 mx a 000 0 spa d | ||
| 040 |
_aDO-SdBNP _bspa _cBNPHU |
||
| 245 | 0 | 0 | _aMedicion del agua de riego. |
| 260 |
_aMéxico : _bDiana, _c1972. |
||
| 300 |
_a86 p. : _bil. ; _c23 cm. |
||
| 490 | 1 |
_aIngeniería de suelos _v5 |
|
| 830 | 0 |
_aIngeniería de suelos _n5 _962355 |
|
| 999 |
_c35744 _d35744 |
||